20 năm đổi mới giáo dục : Thành tựu và thách thức /
Guardat en:
| Autor principal: | |
|---|---|
| Format: | Article |
| Idioma: | Vietnamese |
| Matèries: | |
| Etiquetes: |
Afegir etiqueta
Sense etiquetes, Sigues el primer a etiquetar aquest registre!
|
| Thư viện lưu trữ: | Thư viện Trường Đại học Đà Lạt |
|---|
| LEADER | 00735nam a2200253 4500 | ||
|---|---|---|---|
| 001 | DLU090072071 | ||
| 005 | ##20090508 | ||
| 040 | # | # | |a DLU |b vie |
| 041 | # | # | |a vie |
| 044 | # | # | |a vn |
| 100 | # | # | |a Phạm Minh Hạc, |c GS.TSKH. |
| 245 | # | # | |a 20 năm đổi mới giáo dục : |b Thành tựu và thách thức / |c Phạm Minh Hạc. |
| 653 | # | # | |a Đổi mới |
| 653 | # | # | |a Giáo dục |
| 773 | # | # | |t Nghiên cứu Con người |g Số 2(23), 2006, tr. 3-8 |
| 920 | # | # | |a Phòng Tạp chí -- Trung tâm Thông tin - Thư viện Trường Đại học Đà Lạt |
| 994 | # | # | |a DLU |
| 900 | # | # | |a True |
| 911 | # | # | |a Đào Thị Thu Huyền |
| 925 | # | # | |a G |
| 926 | # | # | |a A |
| 927 | # | # | |a BB |
| 980 | # | # | |a Thư viện Trường Đại học Đà Lạt |